El texto y sus voces /

Guardado en:
Autor Principal: Pezzoni, Enrique
Formato: Libro
Publicado: Buenos Aires : Sudamericana, 1998
Edición:2a. ed.
Materias:
Etiquetas: Agregar Etiqueta
Sin Etiquetas, Sea el primero en etiquetar este registro!
LEADER 00767nam a22002295a 4500
001 CEM.cems009884
005 20080630124654.0
008 130507s1998##################000#0#####d
003 CEMS
020 |a 9500703491 
082 0 4 |a 808 
100 1 |a Pezzoni, Enrique 
245 1 0 |a El texto y sus voces /  |c Enrique Pezzoni 
250 |a 2a. ed. 
260 |a Buenos Aires :  |b Sudamericana,  |c 1998 
300 |a 328 p. 
505 0 |a Transgresión y normalización en literatura argentina contemporánea (1970) -- Borges -- Poetas -- Narradores -- Notas 
653 |a Literatura 
653 |a Textos-literatura 
653 |a Texto literario 
859 |a CEMS  |b BIB. CEMS - 11 de abril  |h 808  |i P469a2  |p 20228.99  |t Ej.1 
859 |a CEMS  |b BIB. CEMS - Agricultura  |h 808  |i P469a2  |p A19771.98  |t Ej.1